=LDR 00000nam 2200000 4500 =001 INLIS000000000013683 =005 20130612105033 =008 ***********************************Ind** =035 ##$$0010-061300000013683 =041 ##$$a Ind =082 ##$$a R.323.402 6 =090 ##$$a R.323.402 6, Ind u =245 ##$$a Undang-undang tentang HAM 1999 =260 ##$$a 2000 $b Bandung =300 ##$$a 140 hlm, 21 cm =650 ##$$a Hak asasi manusia - Undang-undang dan peraturan =850 ##$$a NBPNMAT